000 05661nab a2200409 i 4500
003 BR-BrBNA
005 20250924111225.0
008 250924b2022 bl.qr|pooa||| 00| 0 eng |
040 _aBR-BrBNA
_beng
072 _aF08
_b1660
072 _aF04
_b1570
072 _aE16
100 _aLino, Francisca Karla KS
100 _aBezerra Neto, Francisco
100 _aLima, Jailma SS
100 _aSantos, Elizangela C
100 _aLino, Vitor Abel da S
100 _aGuerra, Natan M
100 _aDesravines, Rose P
100 _aSilva, Erivan A da
100 _aSilva, Jéssica PP da
245 _aAgro-economic benefits in radish-lettuce intercropping under optimized green manuring and planting density
500 _a Publicação online; 26 ref.; 3 tables; 3 illus.; Summaries (En, Pt)
520 _a ABSTRACT: One of the biggest difficulties in the intercropping of radishlettuce is to obtain the ideal dose of green manure and the adequate planting density for the crops. Therefore, the objective of the present work was to evaluate the agro-economic benefits of radish-lettuce intercropping under the influence of green manuring with Merremia aegyptia (hairy woodrose) and Calotropis procera (roostertree) and lettuce population densities in a semi-arid environment, in two cropping seasons. The experimental design used was randomized blocks, with treatments arranged in a 4x4 factorial scheme, with 4 replicates. The first factor in this scheme consisted of equitable biomass amounts of M. aegyptia and C. procera at doses of 20, 35, 50 and 65 t/ha on a dry basis, and the second factor of lettuce population densities of 150, 200, 250 and 300 thousand plants/ha. The production of radish and lettuce and its components, in addition to the agroeconomic indicators, system productivity index (SPI), land equivalent coefficient (LEC) and monetary equivalent ratio (MER) were evaluated. The greatest agro-economic benefits of the intercropped radish-lettuce were obtained with SPI of 15.37 t/ha, LEC of 1.27 and MER of 1.30, respectively, in the combination of 65 t/ha of M. aegyptia and C. procera biomass with the lettuce population density of 300 thousand plants/ha. The maximum commercial productivity of radish roots in the intercropping system was 8.45 t/ha in the combination of the biomass amount of 20 t/ha of M. aegyptia and C. procera and lettuce population density of 300 thousand plants/ha, while the maximum lettuce leaf productivity optimized in intercropping was 17.72 t/ha, in the combination of green manures biomass amount of 65 t/ha and population density of 300 thousand plants/ha of lettuce. The use of spontaneous species from the Caatinga biome as green manure in the radish-lettuce intercropping provides optimized agro-economic benefits in a semi-arid environment. Keywords: Lactuca sativa, Raphanus sativus, Merremia aegyptia, Calotropis procera, productive and economic optimization
520 _a RESUMO: Uma das maiores dificuldades do consórcio de rabanete-alface é obter a dose ideal de adubo verde e a densidade de plantio adequada das culturas. Diante disso, o objetivo do presente trabalho foi avaliar os beneficios agroeconômicos em consórcios de rabanetealface sob influência da adubação verde com Merremia aegyptia e Calotropis procera e densidades populacionais de alface em ambiente semiárido, em dois anos de cultivo. O delineamento experimental utilizado foi em blocos ao acaso, com os tratamentos dispostos em esquema fatorial 4x4, com 4 repetições. O primeiro fator deste esquema consistiu de quantidades equitativas de biomassa de M. aegyptia e C. procera nas doses de 20, 35, 50 e 65 t/ha em base seca, e o segundo fator de densidades populacionais de alface de 150, 200, 250 e 300 mil plantas/ha. A produção do rabanete e da alface e seus componentes, além dos indicadores agroeconômicos, índice de produtividade do sistema (SPI), coeficiente equivalente de terra (LEC) e razão equivalente monetária (MER) foram avaliados. Os maiores beneficios agroeconômicos do consórcio de rabanetealface foram obtidos com SPI de 15,37 t/ha, LEC de 1,27 e MER de 1,30, respectivamente na combinação de 65 t/ha de biomassa de M. aegyptia e C. procera com densidade populacional de alface de 300 mil plantas/ha. A produtividade comercial máxima otimizada de raízes de rabanete no consórcio foi de 8,45 t/ha na combinação da quantidade de biomassa de 20 t/ha de M. aegyptia e C. procera e densidade populacional de alface de 300 mil plantas/ha, enquanto a produtividade máxima de folhas de alface otimizada em consórcio foi de 17,72 t/ha, na combinação de quantidade de biomassa dos adubos verdes de 65 t/ha e densidade populacional de 300 mil plantas/ha de alface. A utilização de espécies espontâneas do bioma Caatinga como adubo verde no consórcio de rabanete-alface proporciona benefícios agroeconômicos otimizados em ambiente semiárido. Palavras-chave: Lactuca sativa, Raphanus sativus, Merremia aegyptia, Calotropis procera, otimização econômica e produtiva
650 _aRABANETE
650 _aALFACE
650 _aDENSIDADE DE PLANTIO
650 _aSISTEMA DE CULTIVO
650 _aCONSORCIAÇÃO DE CULTURA
650 _aADUBO VERDE
650 _aECONOMIA DA PRODUÇÃO
773 0 _01047
_9357917
_dBrasília-DF Sociedade de Olericultura do Brasil 1983
_o2025-5882
_tHorticultura Brasileira (Brazil)
_x0102-0536
_gv. 40(3) p. 302-310; (2022)
_wBR2025002405
856 _uhttps://www.scielo.br/j/hb/a/NwpTLLfKqNdkRJKF8QkGJRd/?format=pdf&lang=en
942 _cANA
999 _c338353
_d338353